| 000 | 006240000a22001690004500 | ||
|---|---|---|---|
| 003 | LK-CoMWRAF | ||
| 008 | 230817t ||||| |||| 00| 0 eng d | ||
| 040 |
_aLK-CoMWRAF _dLK-CoMWRAF _eLK-CoMWRAF |
||
| 041 | _aeng | ||
| 100 | _aEffendi, Mohamed Sameer Bin Haji Ismail | ||
| 245 |
_aApage Muthun Mitththo (Personages of the Past) _b(Atheethaye Sri Lankawe Visu Yonaka, Malay saha Anekuth Muslimwaru) (Moors, Malays and other Muslims of the past of Sri Lanka) |
||
| 260 |
_bMoors Islamic Cultural Home _aColombo 01 (Sri Lanka) _c |
||
| 300 | _ap.147 | ||
| 650 | _aSinhala Text | ||
| 700 |
_aSahir,, M.C.M. _eed. |
||
| 942 | _cBK | ||
| 999 |
_c2332 _d2332 |
||